Catálogo público

Fundamentals of plant virology / (Record no. 209178)

MARC details
000 -CABECERA
campo de control de longitud fija 00837nam a2200301Ia 4500
001 - NÚMERO DE CONTROL
campo de control Para_10484
003 - IDENTIFICADOR DEL NÚMERO DE CONTROL
campo de control CHAP
008 - DATOS DE LONGITUD FIJA--INFORMACIÓN GENERAL
campo de control de longitud fija 220125s1992 xx 000 0 und d
010 ## - NÚMERO DE CONTROL DE LA BIBLIOTECA DEL CONGRESO
Número de control de LC 209178
020 ## - NÚMERO INTERNACIONAL ESTÁNDAR DEL LIBRO
Número Internacional Estándar del Libro 0 - 12 - 480558 - 2
040 ## - FUENTE DE LA CATALOGACIÓN
Centro/agencia transcriptor CHAP
082 ## - NÚMERO DE LA CLASIFICACIÓN DECIMAL DEWEY
Número de clasificación PA 632.8 M38 1992
100 ## - ENTRADA PRINCIPAL--NOMBRE DE PERSONA
Nombre de persona Matthews, R. E. F
9 (RLIN) 172843
245 ## - MENCIÓN DE TÍTULO
Título Fundamentals of plant virology /
Mención de responsabilidad, etc. R.E. F. Matthews
250 ## - MENCIÓN DE EDICIÓN
Mención de edición 3
260 ## - PUBLICACIÓN, DISTRIBUCIÓN, ETC.
Lugar de publicación, distribución, etc. Estados Unidos de América
300 ## - DESCRIPCIÓN FÍSICA
Extensión 403
500 ## - NOTA GENERAL
Nota general Incluye referencias bibliográficas e índice
650 ## - PUNTO DE ACCESO ADICIONAL DE MATERIA--TÉRMINO DE MATERIA
Término de materia o nombre geográfico como elemento de entrada Plantas
Subdivisión general enfermedades por virus
9 (RLIN) 88834
650 ## - PUNTO DE ACCESO ADICIONAL DE MATERIA--TÉRMINO DE MATERIA
Término de materia o nombre geográfico como elemento de entrada Virus
Subdivisión general enfermedades por
9 (RLIN) 174685
901 ## - ELEMENTOS DE DATOS A LOCAL LDA (RLIN)
a PA 632.8 M38 1992
902 ## - ELEMENTOS DE DATOS B LOCAL, LDB (RLIN)
a M
905 ## - ELEMENTOS DE DATOS E LOCAL, LDE (RLIN)
a 5232201992 -usamn 8000200300spa06
910 ## - DATOS DE OPCIÓN DEL USUARIO (OCLC)
Datos de opción del usuario 1992
942 ## - ELEMENTOS DE PUNTO DE ACCESO ADICIONAL (KOHA)
Tipo de ítem Koha Parasitologia_
942 ## - ELEMENTOS DE PUNTO DE ACCESO ADICIONAL (KOHA)
Tipo de ítem Koha Parasitologia_
-- 1
Holdings
Estado de retiro Estado de pérdida Fuente del sistema de clasificación o colocación Estado dañado Restricciones de uso No para préstamo Código de colección Localización permanente Ubicación/localización actual Fecha de adquisición Número de inventario Total de préstamos Signatura topográfica completa Código de barras Fecha visto por última vez Fecha del último préstamo Número de copia Precio válido a partir de Tipo de ítem Koha Nota pública
    Dewey Decimal Classification   Préstamo 3 días   General Parasitologia Agricola Parasitologia Agricola 08/10/2019 (PA_010754) (No. UACh C/E) 1 PA 632.8 M38 1992 4102002489 09/06/2023 02/06/2023 Ej.2 25/01/2022 Libro 3
    Dewey Decimal Classification   Préstamo 3 días   General Parasitologia Agricola Parasitologia Agricola 08/10/2019 (PA_010755) (No. UACh C/E)   PA 632.8 M38 1992 4102002490 25/01/2022   Ej.3 25/01/2022 Libro 3
    Dewey Decimal Classification   Préstamo 3 días   General Parasitologia Agricola Parasitologia Agricola 19/09/2019 (PA_010746) (No. UACh C/E) 1 PA 632.8 M38 1992 4102002488 09/06/2023 02/06/2023 Ej.1 25/01/2022 Libro 2